000 00453nam a2200181Ia 4500
008 230711s9999||||xx |||||||||||||| ||und||
020 _a978-81-265-5973-2
041 _aENG
082 _a621.815
_bJU-M
100 _aJuvinall,Robert C
245 0 _aMachine Component Design
250 _a1st Ed.
260 _c2016
_aNew Delhi
_bWiley India Pvt.Ltd
300 _a890p.
650 _aMechanical Engineering
700 _aMarshek,Kurt M
942 _cBK
999 _c6637
_d6637